Gala, Sławomir. Małopolsko-śląsko-wielkopolskie pogranicze językowe. - Łódź. - 1994 [Rezension]
| Titel: | Gala, Sławomir. Małopolsko-śląsko-wielkopolskie pogranicze językowe. - Łódź. - 1994 [Rezension] |
|---|---|
| Verfasser: | |
| In: |
Slavia Occidentalis, Band 58 (2001), Seite 258-260 alle Artikel anzeigen |
| Veröffentlicht: | 2001 |
| Format: | Aufsatz |
| Sprache: | Polnisch |
X
alg: 39494330 001A $01999:12-11-16 001B $01999:04-08-21 $t20:59:58.000 001D $01999:12-11-16 001U $0utf8 001X $00 002@ $0Aox 003@ $0394943309 007A $0394943309 $aHEB 007T $0Herdn01591 010@ $apol 011@ $a2001 021A $aGala, Sławomir. Małopolsko-śląsko-wielkopolskie pogranicze językowe. - Łódź. - 1994 [Rezension] 028A $aCzyżewski $dFeliks 031A $d58 $h258-260 $j2001 039B $aIn $8--Abvc--. Slavia Occidentalis. - Poznań : Wydawn. PTPN, 1921-. - ISSN 0081-0002 $x200100000580000742 $9047502010 039T $8--Aax--Gala, Sławomir. Małopolsko-śląsko-wielkopolskie pogranicze językowe. - Łódź, 1994. - 264, 194 s. $9395394899 045F $a900.9438 $eDDC23BSB 045F/01 $a900 045F/03 $g438 045F/03 $g4385 045F/03 $g43849 045T $a8,1 $a7,41 $a7,39 lok: 39494330 78 exp: 39494330 78 1 #EPN 201B/01 $018-11-16 $t13:13:10.000 201U/01 $0utf8 203@/01 $0791241882 208@/01 $a12-11-16 $be 209A/01 $a/ $f000 $x00 220C/01 $aTitelaufnehmer: bn 220C/01 $aHerkunft: WBP Poznań 244Z/01 $2Trx $#Großpolen $#Greater Poland $#Velkopolsko $8--Trx--Wielkopolska $x01 $9391277227 244Z/01 $2Trx $#Silesia $#Śląsk $#Sliezsko $#Slezsko $8--Trx--Schlesien $x02 $9391173987 244Z/01 $2Trx $#Poola $#Lenkija $#Polija $#Polen Land $#Poland $#Lengyelország $#Poľsko $#Polsko $8--Trx--Polska$gkraj $x03 $9391345966 244Z/01 $2Trx $#arvustused $#recenzijos $#Reviews $#recenziók $#recenzje $#recenzie $#recenze $8--Trx--Rezensionen $x04 $9391357441 247C/01 $82080>Marburg/Lahn, Herder-Institut, Forschungsbibliothek, Bibliographieportal $9336309341
| LEADER | 00000caa a22000002c 4500 | ||
|---|---|---|---|
| 001 | 394943309 | ||
| 003 | DE-603 | ||
| 005 | 20210804205958.0 | ||
| 007 | tu | ||
| 008 | 161112s2001 xx |||| | u00||u|pol c | ||
| 035 | |a (DE-599)HEB394943309 | ||
| 040 | |a DE-603 |b ger |c DE-603 |d DE-603 | ||
| 041 | |a pol | ||
| 082 | 0 | 4 | |8 1\u |a 900.9438 |q DE-101 |2 23/BSB |
| 084 | |a 8,1 |a 7,41 |a 7,39 |2 ssgn | ||
| 085 | |8 1\u |b 900 | ||
| 085 | |8 1\u |z 2 |s 438 | ||
| 085 | |8 1\u |z 2 |s 4385 | ||
| 085 | |8 1\u |z 2 |s 43849 | ||
| 100 | 1 | |a Czyżewski, Feliks | |
| 245 | 0 | 0 | |a Gala, Sławomir. Małopolsko-śląsko-wielkopolskie pogranicze językowe. - Łódź. - 1994 [Rezension] |
| 264 | 0 | |c 2001 | |
| 773 | 0 | 8 | |i In |t Slavia Occidentalis |d Poznań : Wydawn. PTPN, 1921- |x 0081-0002 |g Band 58 (2001), Seite 258-260 |w (DE-603)047502010 |w (DE-600)339118-8 |
| 787 | 0 | 8 | |i Rezension von |a Gala, Sławomir |t Małopolsko-śląsko-wielkopolskie pogranicze językowe |d Łódź, 1994 |h 264, 194 s. |w (DE-603)395394899 |
| 924 | 0 | |9 2080 |a (DE-603)791241882 |b DE-2080 |c HES |d d |g / | |


